000 00799nam a22002417a 4500
999 _c21272
_d21272
003 AR-CdUCM
008 190517b ||||| |||| 00| 0 spa d
020 _a1468935634568
040 _aMUNICIPALIDAD PROVINCIAL DEL CUSCO
_cBIBLIOTECA MUNICIPAL DEL CUSCO
082 _a513/O41E
_bO41E
_2Segunda
100 _aOlarte Estrada, Joel Grimaldo
_944435
245 _aIntroducción Estadística y probabilidades /
260 _aCusco ;
_bBolaños,
_c2018.
300 _a236 Páginas. :
_c21 cm.
440 _aColección Josy
_n4
_944446
505 _aContenido: Estadística -- Análisis combinatorio -- Probabilidades.
650 _aMatemática
_919387
650 _aAritmética
_919777
650 _aEstadística
_95668
650 _aProbabilidades
_916891
942 _2ddc
_cLIBROS
945 _aRoel